<?xml version="1.0" encoding="UTF-8"?>
<collection xmlns="http://www.loc.gov/MARC21/slim">
 <record>
  <leader>     na                 </leader>
  <controlfield tag="001">INLIS000000000004083</controlfield>
  <controlfield tag="005">20140307111814.0</controlfield>
  <controlfield tag="006">a           ||| | </controlfield>
  <controlfield tag="008">180719|                      ||| | id   </controlfield>
  <datafield tag="020" ind1=" " ind2=" ">
   <subfield code="a">978-979-543-820-5</subfield>
  </datafield>
  <datafield tag="035" ind1=" " ind2=" ">
   <subfield code="a">0010-031300000004083</subfield>
  </datafield>
  <datafield tag="041" ind1=" " ind2=" ">
   <subfield code="a">id</subfield>
  </datafield>
  <datafield tag="082" ind1="0" ind2=" ">
   <subfield code="a">005.55</subfield>
  </datafield>
  <datafield tag="090" ind1=" " ind2=" ">
   <subfield code="a">005.55 SUH m</subfield>
  </datafield>
  <datafield tag="100" ind1="0" ind2=" ">
   <subfield code="a">Edi Suhendi</subfield>
  </datafield>
  <datafield tag="245" ind1="0" ind2="0">
   <subfield code="a">Mengelola data dengan SPSS 16.0 untuk peneliti pemula</subfield>
  </datafield>
  <datafield tag="260" ind1=" " ind2=" ">
   <subfield code="a">Bandung</subfield>
   <subfield code="b">Yrama Widya</subfield>
   <subfield code="c">2009</subfield>
  </datafield>
  <datafield tag="300" ind1=" " ind2=" ">
   <subfield code="a">138 + vi hlm 12,5 x 19 cm</subfield>
  </datafield>
  <datafield tag="650" ind1=" " ind2="0">
   <subfield code="a">managemen informasi</subfield>
  </datafield>
 </record>
</collection>
